| 000 | 00566nam a2200217 a 4500 | ||
|---|---|---|---|
| 999 |
_c1095 _d1095 |
||
| 008 | 191125s2011 ii ||||g |||| 00| 0 eng d | ||
| 020 |
_a9788181922076 _cRs. 875.00 |
||
| 040 |
_aKO _beng |
||
| 041 | 0 | _aeng | |
| 044 | _aii | ||
| 082 | 0 | 4 |
_223 _a155.25 _bAg38 |
| 100 | 1 | _aAggarwal, Ravi | |
| 245 | 1 | 0 |
_aPersonality Development : _bessential of life skills / _cRavi Aggarwal |
| 260 |
_aJaipur : _bSublime Publications , _c2011 |
||
| 300 |
_a240 p. ; _c21 cm |
||
| 650 | 0 | _aLife skills | |
| 650 | 0 | _aSelf-culture | |
| 904 | _aA_BOSE | ||
| 942 | _cBK | ||